Guinness world records 2009
Αποθηκεύτηκε σε:
| Άλλοι συγγραφείς: | , |
|---|---|
| Μορφή: | Βιβλίο |
| Γλώσσα: | Greek English |
| Δημοσίευση: |
Αθήνα :
Χρυσή Πέννα,
2009.
|
| Θέματα: | |
| Ετικέτες: |
Προσθήκη ετικέτας
Δεν υπάρχουν, Καταχωρήστε ετικέτα πρώτοι!
|
MARC
| LEADER | 00000cam a2200000 a 4500 | ||
|---|---|---|---|
| 001 | 1/115636 | ||
| 008 | 180112s2009####gr | ||| |||| ||gre|| | ||
| 020 | |a 9789602451533 | ||
| 040 | |a GR-MyUa |b gre |c GR-MyUa |e AACR2 | ||
| 041 | 0 | |a gre |h eng | |
| 082 | 7 | |a 030.9 |2 (23) | |
| 245 | 0 | 0 | |a Guinness world records 2009 / |c επιμέλεια: Craig Glenday ; μετάφραση: Μαρία Τσακίρη. |
| 260 | |a Αθήνα : |b Χρυσή Πέννα, |c 2009. | ||
| 300 | |a 287 σ. : |b εικ., φωτ. ; |c 30 εκ. | ||
| 500 | |a Περιέχει τρισδιάστατες 3-D φωτογραφίες. | ||
| 650 | 0 | |a World records. | |
| 650 | 0 | |a World history |x Yearbook. | |
| 650 | 0 | |a Curiosities and wonders. | |
| 700 | 1 | |a Glenday, Craig, |e edt | |
| 700 | 1 | |a Τσακίρη, Μαρία, |e trlf | |
| 852 | |a INST |b RHODES |e 20180112 |h 030.9 GUI |p 005400039748 |q 005400039748 |t BK |y 0 | ||
| 970 | |z 12-01-2018 | ||